000 00457nam a22001457a 4500
008 220930b |||||||| |||| 00| 0 eng d
020 _a9781529368048
082 _aFIC 813.54 GRI
100 _aGrisham, John
245 _aSooley
260 _aLondon :
_bHodder & Stoughton,
_c2021.
300 _a355 p.
_c20 cm.
650 _a Sudanese--United States--Fiction. Basketball players--Fiction. College athletes--Fiction. North Carolina--Fiction.
942 _2ddc
999 _c9139
_d9140